000 00373nam a22001337a 4500
008 220125b ||||| |||| 00| 0 eng d
020 _a9789386446107
082 _a342.5402
_b1
100 _aChakrabarty Bidyut
_97529
245 _aIndian Constitution (Text,Context and Interpretation
260 _aNew Delhi
_bSAGE Publications
_c2017
300 _a373.P
942 _2ddc
_cBK
999 _c11956
_d11956